| 000 -LEADER |
| fixed length control field |
00386cam a22001217a 4500 |
| 008 - FIXED-LENGTH DATA ELEMENTS--GENERAL INFORMATION |
| fixed length control field |
180718b1980 xxu||||| |||| 00| 0 eng d |
| 082 ## - DEWEY DECIMAL CLASSIFICATION NUMBER |
| Classification number |
Wx54 In2tpcw |
| 100 ## - MAIN ENTRY--PERSONAL NAME |
| Personal name |
Modak, S.K. |
| 245 ## - TITLE STATEMENT |
| Title |
West coast transport network an optimal inter-model mix : a study |
| Statement of responsibility, etc. |
by S.K. Modak And D.M. Nachane |
| 260 ## - PUBLICATION, DISTRIBUTION, ETC. |
| Place of publication, distribution, etc. |
Bombay |
| Name of publisher, distributor, etc. |
Department of Economics |
| Date of publication, distribution, etc. |
1980 |
| 300 ## - PHYSICAL DESCRIPTION |
| Extent |
220p. |
| 700 ## - ADDED ENTRY--PERSONAL NAME |
| Personal name |
Nachane, D.M. |